Ochrana vôd v rezorte Ministerstva priemyslu SSR

Bibliographic Details
Main Author: Prizemin, Peter (Author)
Format: Article
Language:Slovak

MARC

LEADER 00000nab a2200000uu 4500
001 vtls011147819
003 SK-MaSNL
005 20260303104509.0
008 230121|1982 xo |||||||||||||||||slo|
015 |a SNBRB 
035 |a (urnnbn)urn:nbn:sk:snk:ar-a09w5v 
035 |a (uuid)fde2789e-ce59-48d0-8f54-c93acde3bbcb 
035 |a urn:nbn:sk:snk-abay2k 
040 |a SNKBUCL  |b slo  |c SNKBUCL  |e AACR2 
041 0 |a slo 
044 |a xo  |c SK 
100 1 |a Prizemin, Peter  |4 aut  |9 963800 
245 1 0 |a Ochrana vôd v rezorte Ministerstva priemyslu SSR  |c Peter Prizemin 
773 0 |t Vodohospodársky spravodajca  |g Roč. 25, č. 1 (1982), s. [6]-37 
954 |a odborná, vedecká literatúra pôvodná (slovenská)  |2 lita 
958 |a OND 
958 |a EUIPO 
958 |a article14 
999 |c 1856913  |d 1858843